Mappa dell'Europa Pixelata - Statistics

Statistiche generali
  • Questo quiz è stato fatto 4.272 volte
  • Il punteggio medio è 262 su 279
Risposte nella Mappa
Le risposte nella mappa del quiz sottostante sono codificate secondo una scala di colori dal rosso al verde in base alla % di persone che hanno risposto correttamente.
 
Statistiche sulle risposte
Paese % Corretto
Italia
99%
Francia
98%
Russia
97%
Spagna
97%
Ucraina | Russia
97%
Germania
96%
Irlanda
96%
Portogallo
96%
Grecia
95%
Norvegia
95%
Regno Unito
95%
Finlandia
94%
Islanda
94%
Svezia
94%
Svizzera
93%
Belgio
92%
Estonia
92%
Paesi Bassi
92%
Danimarca
91%
Lettonia
91%
Polonia
91%
Ucraina
91%
Lituania
90%
Croazia
89%
Romania
89%
Slovenia
89%
Bielorussia
88%
Austria
87%
Bulgaria
83%
Slovacchia
83%
Serbia
82%
Ungheria
82%
Bosnia ed Erzegovina
81%
Repubblica Ceca
81%
Montenegro
80%
Moldavia
79%
Kosovo
76%
Nessun quiz corrispondente trovato
Distribuzione punteggi
Percentuale di utenti per punteggio
Percentile per numero di risposta
I tuoi punteggi nel tempo
Non hai fatto questo quiz